000 00332nam a2200145 i 4500
001 bg
100 1 _aCHMELKA, Fritz-Melan
245 0 _aEinführung in die Statik /
_cF.-M. Chmelka.
260 _aWien,
_c1968.
040 _cBPK
041 _apol
080 _a531.2:621
942 _cKS
008 s pl f |000 0 pol
999 _c8534
_d8534
856 _uhttp://koha.tu.koszalin.pl/cgi-bin/koha/opac-detail.pl?biblionumber=8534
_yKatalog online BPK